No hay tiempo para morir (Record no. 109541)

MARC details
000 -LEADER
campo de control de longitud fija 00564nam a2200181 4500
001 - NÚMERO DE CONTROL
campo de control 109541
003 - IDENTIFICADOR DE NÚMERO DE CONTROL
campo de control ES-MaACL
005 - FECHA Y HORA DE LA ÚLTIMA TRANSACCIÓN
campo de control 20230906184848.0
007 - CAMPO FIJO DE DESCRIPCIÓN FÍSICA--INFORMACIÓN GENERAL
campo de control de longitud fija t|
008 - DATOS DE LONGITUD FIJA--INFORMACIÓN GENERAL
campo de control de longitud fija 061121s1968 sp r ||||1| spa d
100 1# - ENTRADA PRINCIPAL--NOMBRE DE PERSONA
Nombre de persona Mulligan, Hugh A.
9 (RLIN) 84156
245 10 - MENCIÓN DEL TÍTULO
Título No hay tiempo para morir
Resto del título : La agonía el Vietnam /
Mención de responsabilidad, etc. Hugh A. Mulligan; versión de Jesús de la Torre.
250 ## - MENCION DE EDICION
Mención de edición 1ª. ed.
260 ## - PUBLICACIÓN, DISTRIBUCIÓN, ETC.
Lugar de publicación, distribución, etc. Barcelona :
Nombre del editor, distribuidor, etc. Anra,
Fecha de publicación, distribución, etc. 1968.
300 ## - DESCRIPCIÓN FÍSICA
Extensión 304 p., 12 lám :
Otras características físicas il. ;
Dimensiones 21 cm.
700 1# - ENTRADA AGREGADA--NOMBRE PERSONAL
Nombre de persona Torre, Jesús de la.
9 (RLIN) 110742
852 ## - LOCALIZACIÓN
Ubicación ES-MaACL
Número de control de estantería F-6262
Sublocalización o colección R.66269
Holdings
Estatus retirado Estado de pérdida Estado de daño No para préstamo Biblioteca de origen Biblioteca actual Ubicación en estantería Fecha de adquisición Fuente de adquisición Total de préstamos Signatura topográfica completa Código de barras Visto por última vez Precio de reemplazo Tipo de ítem Koha
        Biblioteca del Ateneo de Madrid Biblioteca del Ateneo de Madrid Depósito 2 17/01/2008     F-6262 1114293 23/02/2023 23/02/2023 Libro impreso